| 000 | 00588nam a2200193Ia 4500 | ||
|---|---|---|---|
| 003 | OSt | ||
| 005 | 20250805155051.0 | ||
| 008 | 210210b1944 xxu||||| |||| 00| 0 eng d | ||
| 040 | _cAL | ||
| 041 | _aKannada | ||
| 082 | _a852/456 | ||
| 100 |
_aRAVINDRANATHA TAGOORA _dರವೀಂದ್ರನಾಥ ಠಾಗೂರ _9234062 |
||
| 245 |
_aVishvamanavanedege _bವಿಶ್ವಮಾನವನೆಡೆಗೆ |
||
| 260 |
_aBengaLuru _bSahitya Samskrati Prakashana _c1944 |
||
| 650 |
_aVishvamAnavaneDege _9234063 |
||
| 690 |
_aKannada Prose _9234064 |
||
| 906 | _a019022 | ||
| 942 |
_2ddc _cBK |
||
| 999 |
_c143073 _d143073 |
||